|
|
|
|
| LEADER |
00000nam0a2200000 4500 |
| 001 |
356601 |
| 005 |
20231102010917.0 |
| 035 |
|
|
|a (RuTPU)RU\TPU\retro\13861
|
| 090 |
|
|
|a 356601
|
| 100 |
|
|
|a 20200722d1977 km y0rusy50 ca
|
| 101 |
0 |
|
|a rus
|
| 102 |
|
|
|a RU
|
| 105 |
|
|
|a a z 001zy
|
| 200 |
1 |
|
|a Эксплуатация электроагрегатов и передвижных электростанций
|f А. П. Алексеев, Л. И. Старостин
|
| 210 |
|
|
|a Москва
|c Воениздат
|d 1977
|
| 215 |
|
|
|a 256 с.
|c ил.
|
| 320 |
|
|
|a Библиогр.: с. 253
|
| 606 |
1 |
|
|a Электропитающие установки
|x Эксплуатация
|2 stltpush
|3 (RuTPU)RU\TPU\subj\20647
|9 45735
|
| 606 |
1 |
|
|a Электрические станции, передвижные
|2 stltpush
|3 (RuTPU)RU\TPU\subj\27648
|9 51371
|
| 610 |
1 |
|
|a электроагрегаты
|
| 610 |
1 |
|
|a пуск
|
| 610 |
1 |
|
|a нагрузки
|
| 610 |
1 |
|
|a режим работы
|
| 610 |
1 |
|
|a техническая документация
|
| 610 |
1 |
|
|a бензиновые двигатели
|
| 610 |
1 |
|
|a уход
|
| 610 |
1 |
|
|a дизельные двигатели
|
| 610 |
1 |
|
|a электрооборудование
|
| 610 |
1 |
|
|a техническое обслуживание
|
| 610 |
1 |
|
|a ремонт
|
| 610 |
1 |
|
|a консервация
|
| 610 |
1 |
|
|a хранение
|
| 610 |
1 |
|
|a техника безопасности
|
| 675 |
|
|
|a 621.311.6
|v 4
|
| 675 |
|
|
|a 621.311.28
|v 4
|
| 700 |
|
1 |
|a Алексеев
|b А. П.
|g Александр Петрович
|
| 701 |
|
1 |
|a Старостин
|b Л. И.
|g Леонид Иванович
|
| 801 |
|
1 |
|a RU
|b 63413507
|c 20200722
|
| 801 |
|
2 |
|a RU
|b 63413507
|c 20210128
|g RCR
|
| 942 |
|
|
|c BK
|